[Event "November 1800 +"]
[Site "SchemingMind.com"]
[Date "2015.11.01"]
[Round "-"]
[White "Stephen Woodhouse"]
[Black "frankly"]
[Result "0-1"]
[WhiteCountry "ENG"]
[BlackCountry "ENG"]
[WhiteElo "1935"]
[WhiteRD "50"]
[BlackElo "2453"]
[BlackRD "56"]
[GameID "389520"]

1. e4 c5 2. c3 Nf6 3. e5 Nd5 4. d4 cxd4 5. Nf3 Nc6 6. cxd4 d6 7. Bc4 Nb6 8. Bb5 dxe5 9. Nxe5 Bd7 10. Nxd7 Qxd7
11. Nc3 e6 12. O-O Be7 13. Qg4 O-O 14. Bxc6 bxc6 15. Bh6 Bf6 16. Rfd1 Nd5 17. Ne4 Qe7 18. Rac1 Kh8 19. Bg5 Bxg5 20. Nxg5 Rac8
21. Qh5 h6 22. Nf3 c5 23. Qe5 c4 24. Nd2 c3 25. bxc3 Nxc3 26. Re1 Nxa2 27. Ra1 Nb4 28. Ne4 Nd3
0-1

[Event "November 1800 +"]
[Site "SchemingMind.com"]
[Date "2015.11.01"]
[Round "-"]
[White "frankly"]
[Black "Stephen Woodhouse"]
[Result "1-0"]
[WhiteCountry "ENG"]
[BlackCountry "ENG"]
[WhiteElo "2453"]
[WhiteRD "56"]
[BlackElo "1935"]
[BlackRD "50"]
[GameID "389521"]

1. d4 e6 2. c4 d5 3. Nf3 c5 4. cxd5 exd5 5. g3 Nc6 6. Bg2 Nf6 7. O-O Be7 8. Nc3 O-O 9. Bg5 c4 10. Ne5 Be6
11. b3 h6 12. Nxc6 bxc6 13. Bxf6 Bxf6 14. bxc4 dxc4 15. e3 Qa5 16. Rc1 Rac8 17. Qa4 Qxa4 18. Nxa4 Be7 19. Nb2 Ba3 20. Rc2 Bxb2
21. Rxb2 Rc7 22. Rd1 g5 23. Rc2 Rd8 24. Rdd2 Rb8 25. f3 Kf8 26. e4 f6 27. Kf2 Ke7 28. d5 cxd5 29. exd5
1-0

[Event "November 1800 +"]
[Site "SchemingMind.com"]
[Date "2015.11.09"]
[Round "-"]
[White "Kent"]
[Black "Stephen Woodhouse"]
[Result "1-0"]
[WhiteCountry "USA"]
[BlackCountry "ENG"]
[WhiteElo "2262"]
[WhiteRD "89"]
[BlackElo "1935"]
[BlackRD "50"]
[GameID "389999"]

1. d4 e6 2. c4 d5 3. Nc3 c5 4. cxd5 exd5 5. Nf3 Nc6 6. Bf4 cxd4 7. Nxd4 Nf6 8. e3 Bb4 9. Be2 O-O 10. O-O Nxd4
11. Qxd4 Bxc3 12. Qxc3 Be6 13. Rfd1 Rc8 14. Qb4 b6 15. Rac1 Qd7 16. Bb5 Rxc1 17. Rxc1 Rc8 18. Rd1 Qd8 19. f3 a5 20. Qd2 Qe7
21. Be5 Nd7 22. Bd4 Nc5 23. b3 Bd7 24. Be2 f6 25. b4 axb4 26. Qxb4 Qe6 27. Rc1 Qc6 28. a4 Qxa4 29. Qxb6 Nb3 30. Rxc8+ Bxc8
31. Qd8+
1-0

[Event "November 1800 +"]
[Site "SchemingMind.com"]
[Date "2015.11.09"]
[Round "-"]
[White "Stephen Woodhouse"]
[Black "Kent"]
[Result "0-1"]
[WhiteCountry "ENG"]
[BlackCountry "USA"]
[WhiteElo "1935"]
[WhiteRD "50"]
[BlackElo "2262"]
[BlackRD "89"]
[GameID "390000"]

1. e4 d6 2. d4 Nf6 3. Nc3 g6 4. f4 Bg7 5. Nf3 c5 6. dxc5 Qa5 7. Bd3 Qxc5 8. Qe2 O-O 9. Be3 Qa5 10. O-O Bg4
11. h3 Bxf3 12. Qxf3 Nc6 13. a3 Nd7 14. Bd2 Qd8 15. Kh1 e6 16. f5 Nde5 17. Qg3 Nxd3 18. cxd3 Nd4 19. fxe6 fxe6 20. Bf4 Qb6
21. Bxd6 Rxf1+ 22. Rxf1 Qxb2 23. Na4 Qb5 24. Nc3 Qc6 25. Nd1 Ne2 26. Qf2 Qxd6 27. Qxe2 Qxa3 28. Ne3 Qb2 29. Qg4 Qb6 30. Nc4 Qc6
31. Qg5 b5 32. Ne5 Qc5 33. Nf3 Qxg5 34. Nxg5 a5 35. Nxe6 b4 36. Nxg7 Kxg7 37. e5 b3 38. e6 a4 39. e7 b2 40. Rb1 a3
0-1

[Event "November 1800 +"]
[Site "SchemingMind.com"]
[Date "2015.11.09"]
[Round "-"]
[White "Kent"]
[Black "frankly"]
[Result "1-0"]
[WhiteCountry "USA"]
[BlackCountry "ENG"]
[WhiteElo "2262"]
[WhiteRD "89"]
[BlackElo "2453"]
[BlackRD "56"]
[GameID "390001"]

1. d4 Nf6 2. c4 g6 3. Nc3 Bg7 4. e4 d6 5. f3 O-O 6. Be3 e5 7. d5 Nh5 8. Qd2 f5 9. O-O-O fxe4 10. Nxe4 Nd7
11. Ne2 b6 12. N2g3 Ndf6 13. Bd3 Nxe4 14. Bxe4 Nxg3 15. hxg3 Bf5 16. Bxf5 Rxf5 17. Rh4 Rf7 18. Rdh1 Bf6 19. Re4 Qd7 20. g4 c5
21. dxc6 Qxc6 22. Kb1 Rd7 23. Rc1 d5 24. cxd5 Qxd5 25. Qxd5+ Rxd5 26. Rc6 Rf8 27. Kc2 Be7 28. Bd2 Bd6 29. Bc3 Ra5 30. Rxd6
1-0

[Event "November 1800 +"]
[Site "SchemingMind.com"]
[Date "2015.11.09"]
[Round "-"]
[White "frankly"]
[Black "Kent"]
[Result "1-0"]
[WhiteCountry "ENG"]
[BlackCountry "USA"]
[WhiteElo "2443"]
[WhiteRD "54"]
[BlackElo "2235"]
[BlackRD "73"]
[GameID "390002"]

1. d4 Nf6 2. Nf3 e6 3. c4 b6 4. g3 Ba6 5. b3 b5 6. cxb5 Bxb5 7. Bg2 d5 8. O-O Nbd7 9. Nc3 Ba6 10. Re1 Bb4
11. Qc2 O-O 12. a3 Bd6 13. b4 Bb7 14. Na4 a5 15. Nc5 Ba6 16. Nxa6 Rxa6 17. b5 Rb6 18. a4 c6 19. Bd2 Qa8 20. Reb1 Rc8
21. Rc1 h6 22. e3 Ne4 23. Bf1 Nxd2 24. Qxd2 Bb4 25. Qd1 Qb7 26. Ra2 cxb5 27. Bxb5 Nf6 28. Rxc8+ Qxc8 29. Rc2 Qd8 30. Qc1 Rb8
31. Ne5 Ra8 32. Nc6 Qf8 33. Qb1 Ne4 34. Bd3 f5 35. Kg2 g5 36. f3 Nf6 37. Rb2 Bd6 38. Rb7 Qe8 39. Qb6 Nd7 40. Qb5 Nf6
41. Be2 h5 42. Na7 g4 43. Qxa5 gxf3+ 44. Bxf3 Ng4 45. Qa6 Nxe3+ 46. Kg1 Bf8 47. Qb5 Qxb5 48. axb5 Bg7 49. Nc6 Ra1+ 50. Kf2 Ng4+
51. Bxg4 fxg4 52. b6 Rb1 53. Ke3 Bf6 54. Ke2 Rb2+ 55. Kd3 Rb3+ 56. Kc2 Rb5 57. Kd1 Rb3 58. Rb8+ Kg7 59. Kc2 Rb5 60. Kd2 Rb1
61. b7 Rb6 62. Kd3 Rb3+ 63. Kc2 Rb6 64. Kd3 Rb5 65. Na5
1-0

[Event "November 1800 +"]
[Site "SchemingMind.com"]
[Date "2015.12.04"]
[Round "-"]
[White "John Hamer"]
[Black "Kent"]
[Result "1/2-1/2"]
[WhiteCountry "ENG"]
[BlackCountry "USA"]
[WhiteElo "2040"]
[WhiteRD "64"]
[BlackElo "2235"]
[BlackRD "73"]
[GameID "391411"]

1. d4 Nf6 2. Nf3 c5 3. d5 b5 4. Bg5 d6 5. Bxf6 exf6 6. e4 a6 7. a4 b4 8. Bd3 g6 9. Nbd2 Bg7 10. Nc4 a5
11. O-O O-O 12. Nfd2 Ba6 13. f4 Qc7 14. Qf3 Nd7 15. Rae1 Rfe8 16. Qg3 Bxc4 17. Nxc4 Nb6 18. Nxb6 Qxb6 19. Bb5 Re7 20. Kh1 c4
21. Bxc4 Qd4 22. b3 Rxe4 23. Rxe4 Qxe4 24. f5 Rd8 25. Qf2 Qe7 26. Re1 Qc7 27. Qd2 Qc5 28. c3 bxc3 29. Qxc3 Kf8 30. Qh3 Re8
31. Rxe8+ Kxe8 32. Qc3 Kf8= 33. Qc2 Qe3 34. Qb1=
1/2-1/2

[Event "November 1800 +"]
[Site "SchemingMind.com"]
[Date "2015.12.05"]
[Round "-"]
[White "Kent"]
[Black "John Hamer"]
[Result "1-0"]
[WhiteCountry "USA"]
[BlackCountry "ENG"]
[WhiteElo "2235"]
[WhiteRD "73"]
[BlackElo "2040"]
[BlackRD "64"]
[GameID "391412"]

1. d4 Nf6 2. Bg5 e6 3. e4 d5 4. e5 h6 5. Be3 Nfd7 6. Ne2 c5 7. c3 Nc6 8. Nd2 Qb6 9. Rb1 Be7 10. a3 O-O
11. g3 a5 12. Bg2 cxd4 13. cxd4 f6 14. exf6 Nxf6 15. O-O Bd7 16. Nf4 Bd6 17. Ng6 Rfc8 18. Nf3 Rc7 19. Re1 Rac8 20. Nfe5 Nd8
21. Bd2 Be8 22. Bc3 a4 23. Nf4 Bb5 24. Bh3 Bxe5 25. Rxe5 Bd7 26. Qd3 Ne4 27. Re1 Ng5 28. Bg2 Ndf7 29. R5e2 Bb5 30. Qg6 Bxe2
31. Rxe2 Nh8 32. Qd3 Rc6 33. h4 Ngf7 34. Bh3 Re8 35. Nxd5 Qd8 36. Qe4 g5 37. h5 Rd6 38. Ne3 b5 39. Nf5 Rd7 40. Nxh6+ Nxh6
41. Bxe6+ Rxe6= 42. Qxe6+ N6f7 43. Ba5 Qc8 44. Re5
1-0

[Event "November 1800 +"]
[Site "SchemingMind.com"]
[Date "2015.12.04"]
[Round "-"]
[White "John Hamer"]
[Black "Stephen Woodhouse"]
[Result "1-0"]
[WhiteCountry "ENG"]
[BlackCountry "ENG"]
[WhiteElo "2050"]
[WhiteRD "60"]
[BlackElo "1872"]
[BlackRD "49"]
[GameID "391413"]

1. c4 e6 2. Nf3 d5 3. e3 c5 4. d4 Nc6 5. Nc3 Nf6 6. cxd5 exd5 7. Be2 Bd6 8. O-O O-O 9. b3 cxd4 10. Nxd4 Be6
11. Ncb5 Nxd4 12. Qxd4 Bb8 13. Ba3 Re8 14. Rac1 a6 15. Nc3 Bd6 16. Bxd6 Qxd6 17. b4 Rac8 18. Rfd1 Rc7 19. Na4 Rec8 20. Rxc7 Rxc7
21. Nc5 Nd7 22. Nd3 Nb6 23. Nf4 Rc2 24. a3 Qc6 25. Bf1 Kf8 26. e4 Qc7 27. exd5 Bg4 28. Ng6+ hxg6 29. Qxg4 Qd7 30. Qf4 f6
31. Bd3 Nxd5 32. Qd4 Rc7 33. Bxg6 Nb6 34. Qa1 Qg4 35. Rd8+ Ke7 36. Qe1+
1-0

[Event "November 1800 +"]
[Site "SchemingMind.com"]
[Date "2015.12.05"]
[Round "-"]
[White "Stephen Woodhouse"]
[Black "John Hamer"]
[Result "1/2-1/2"]
[WhiteCountry "ENG"]
[BlackCountry "ENG"]
[WhiteElo "1872"]
[WhiteRD "49"]
[BlackElo "2050"]
[BlackRD "60"]
[GameID "391414"]

1. e4 c6 2. d4 d5 3. exd5 cxd5 4. c4 Nf6 5. Nc3 e6 6. Nf3 Nc6 7. cxd5 Nxd5 8. Bd3 Be7 9. O-O O-O 10. Re1 Bf6
11. a3 g6 12. Bh6 Re8 13. Nxd5 Qxd5 14. Be4 Qd6 15. Be3 Rd8 16. Rc1 Nxd4 17. Nxd4 Bxd4 18. Bxd4=
1/2-1/2

[Event "November 1800 +"]
[Site "SchemingMind.com"]
[Date "2015.12.04"]
[Round "-"]
[White "John Hamer"]
[Black "frankly"]
[Result "0-1"]
[WhiteCountry "ENG"]
[BlackCountry "ENG"]
[WhiteElo "2050"]
[WhiteRD "60"]
[BlackElo "2473"]
[BlackRD "55"]
[GameID "391415"]

1. c4 e5 2. Nc3 Nf6 3. d3 Nc6 4. Nf3 d5 5. cxd5 Nxd5 6. g3 Be7 7. Bg2 Be6 8. O-O O-O 9. Bd2 Qd7 10. Rc1 h6
11. a3 Rad8 12. Qc2 Nb6 13. Ne4 f5 14. Nc5 Bxc5 15. Qxc5 Bd5 16. Be3 f4 17. Bd2 Rf7 18. Rce1 g5 19. e4 Be6 20. Nxe5 Nxe5
21. Qxe5 f3 22. Bc3 Kh7 23. Bh1 Bh3 24. Re3 Bxf1 25. Kxf1 Re8 26. Qa5 Na4 27. Qxa7 Nxc3 28. bxc3 Rf6 29. Kg1 Qb5 30. Bxf3 Ref8
31. Kg2 g4 32. Bxg4 Rxf2+ 33. Kh3 h5
0-1

[Event "November 1800 +"]
[Site "SchemingMind.com"]
[Date "2015.12.05"]
[Round "-"]
[White "frankly"]
[Black "John Hamer"]
[Result "1-0"]
[WhiteCountry "ENG"]
[BlackCountry "ENG"]
[WhiteElo "2473"]
[WhiteRD "55"]
[BlackElo "2050"]
[BlackRD "60"]
[GameID "391416"]

1. e4 e5 2. Nf3 Nf6 3. Nxe5 d6 4. Nf3 Nxe4 5. d4 d5 6. Bd3 Nc6 7. O-O Be7 8. c4 Nf6 9. Nc3 O-O 10. h3 Nb4
11. Be2 dxc4 12. Bxc4 c6 13. a3 Nbd5 14. Qd3 Be6 15. Re1 Re8 16. Ng5 Bc8 17. Nce4 g6 18. Qf3 Bf5 19. Ng3 h6 20. Nxf5 gxf5
21. Qxf5 hxg5 22. Qxg5+ Kh8 23. Qh6+ Kg8 24. Re5 Nd7 25. Rh5 Bf6 26. Qh7+ Kf8 27. Bh6+ Ke7 28. Bxd5 cxd5 29. Re1+ Kd6 30. Bf4+
1-0

[Event "November 1800 +"]
[Site "SchemingMind.com"]
[Date "2015.12.08"]
[Round "-"]
[White "John Hamer"]
[Black "flyinduck"]
[Result "0-1"]
[WhiteCountry "ENG"]
[BlackCountry "CAN"]
[WhiteElo "2050"]
[WhiteRD "60"]
[BlackElo "2016"]
[BlackRD "66"]
[GameID "391600"]

1. e4 e5 2. Nf3 Nf6 3. Bc4 Nxe4 4. Nc3 Nc6 5. Bxf7+ Kxf7 6. Nxe4 d5 7. Nc3 Be7 8. d3 Rf8 9. O-O Kg8 10. h3 Bf6
11. Re1 Bf5 12. Bd2 Qd7 13. Bg5 Rae8 14. Bxf6 Rxf6 15. Qe2 Bxh3 16. gxh3= Qxh3 17. Ng5 Qh4 18. Qe3 Rg6 19. Ne2 Rxg5+ 20. Ng3 Nd4
0-1

[Event "November 1800 +"]
[Site "SchemingMind.com"]
[Date "2015.12.08"]
[Round "-"]
[White "flyinduck"]
[Black "John Hamer"]
[Result "1/2-1/2"]
[WhiteCountry "CAN"]
[BlackCountry "ENG"]
[WhiteElo "2016"]
[WhiteRD "66"]
[BlackElo "2050"]
[BlackRD "60"]
[GameID "391601"]

1. d4 d5 2. c4 e6 3. Nc3 Nf6 4. cxd5 exd5 5. Bg5 c6 6. Qc2 Be7 7. e3 Nbd7 8. Bd3 O-O 9. Nf3 h6 10. Bf4 Re8
11. O-O Nf8 12. h3 Bd6 13. Be5 Qe7 14. Rab1 Be6 15. Bxd6 Qxd6 16. b4 N8d7 17. Rfc1 Rac8 18. Na4 Ne4 19. Nc5 Ndxc5= 20. bxc5 Qc7
21. Rb2 Bf5 22. Nd2 Bg6 23. Bxe4 Bxe4 24. Nxe4 Rxe4= 25. Qb1 Re7 26. Rc3 g6 27. Ra3 Ra8= 28. Rab3 Rb8 29. a4=
1/2-1/2

[Event "November 1800 +"]
[Site "SchemingMind.com"]
[Date "2015.12.08"]
[Round "-"]
[White "Kent"]
[Black "flyinduck"]
[Result "1/2-1/2"]
[WhiteCountry "USA"]
[BlackCountry "CAN"]
[WhiteElo "2251"]
[WhiteRD "89"]
[BlackElo "2016"]
[BlackRD "66"]
[GameID "391602"]

1. d4 d5 2. c4 e6 3. Nf3 c6 4. Qc2 Nf6 5. Bg5 h6 6. Bh4 Nbd7 7. e3 Qa5+ 8. Nbd2 g5 9. Bg3 g4 10. Nh4 Ne4
11. Kd1 Nxg3 12. hxg3 e5 13. cxd5 cxd5 14. Nb3 Qb6 15. dxe5 Nxe5 16. Nd4 Bd7 17. Qb3 Qxb3+ 18. axb3 Bc5 19. Nhf5 h5 20. Rc1 Bxd4
21. Nxd4 Ke7 22. Kd2 a6 23. Ne2 Ng6 24. Nf4 Nxf4 25. exf4 Kd6 26. Bd3 Rh6 27. b4 Rah8 28. Rh4 Rc8 29. Rxc8 Bxc8 30. Ke3 f5
31. Kd4 Bd7 32. Bc2 Be6 33. Rh1 Rh8 34. Bb3 Rh7 35. Rh2=
1/2-1/2

[Event "November 1800 +"]
[Site "SchemingMind.com"]
[Date "2015.12.07"]
[Round "-"]
[White "flyinduck"]
[Black "Kent"]
[Result "0-1"]
[WhiteCountry "CAN"]
[BlackCountry "USA"]
[WhiteElo "2016"]
[WhiteRD "66"]
[BlackElo "2251"]
[BlackRD "89"]
[GameID "391603"]

1. d4 Nf6 2. c4 c5 3. d5 b5 4. cxb5 a6 5. bxa6 g6 6. Nc3 Bxa6 7. e4 Bxf1 8. Kxf1 d6 9. g3 Bg7 10. Kg2 O-O
11. Nf3 Nbd7 12. a4 Ra6 13. Qc2 Qa8 14. Ra3 e6 15. dxe6 fxe6 16. Re1 d5 17. exd5 exd5 18. Nb5 Qb7 19. Ng5 Ng4 20. f4 Rc8
21. Re6 Rxe6 22. Nxe6 d4+ 23. Kg1 c4 24. Nxg7 d3 25. Qg2 Qb6+ 26. Kf1 Kxg7 27. h3 Re8 28. hxg4 Re2 29. Qf3 Nf6 30. a5 Qc5
31. a6 Nxg4 32. Qxe2 dxe2+ 33. Kxe2 Qxb5 34. a7 c3+ 35. Ke1 Qe8+ 36. Kf1= Qd7 37. Ke2 c2
0-1

[Event "November 1800 +"]
[Site "SchemingMind.com"]
[Date "2015.12.07"]
[Round "-"]
[White "Stephen Woodhouse"]
[Black "flyinduck"]
[Result "0-1"]
[WhiteCountry "ENG"]
[BlackCountry "CAN"]
[WhiteElo "1872"]
[WhiteRD "49"]
[BlackElo "2016"]
[BlackRD "66"]
[GameID "391604"]

1. e4 e5 2. Nf3 Nf6 3. d4 Nxe4 4. Nxe5 d5 5. Bd3 Nd7 6. Nxd7 Bxd7 7. O-O Bd6 8. Qh5 Qf6 9. Nc3 Nxc3 10. bxc3 h6
11. Re1+ Be6 12. Qxd5 O-O-O 13. Qa5 Rhe8 14. Qxa7 Bd5 15. Qa8+ Kd7 16. Bb5+ c6 17. Qxb7+ Bc7 18. Ba3 Rb8 19. Bxc6+ Bxc6 20. Qa7 Ra8
21. Qc5 Ra5 22. Qb4 Qg5 23. d5 Rxe1+ 24. Rxe1 Rxd5 25. Qf8 Qe5 26. Qe7+ Qxe7 27. Rxe7+ Kd8 28. Kf1 Bb5+ 29. Ke1 Be5
0-1

[Event "November 1800 +"]
[Site "SchemingMind.com"]
[Date "2015.12.07"]
[Round "-"]
[White "flyinduck"]
[Black "Stephen Woodhouse"]
[Result "1-0"]
[WhiteCountry "CAN"]
[BlackCountry "ENG"]
[WhiteElo "2016"]
[WhiteRD "66"]
[BlackElo "1872"]
[BlackRD "49"]
[GameID "391605"]

1. d4 e6 2. c4 d5 3. Nc3 c5 4. cxd5 exd5 5. Nf3 Nc6 6. g3 Nf6 7. Bg2 Be7 8. O-O O-O 9. Bg5 c4 10. Ne5 Be6
11. Nxc6 bxc6 12. b3 Qa5 13. Na4 Rfd8 14. e3 Rac8 15. Bxf6 Bxf6 16. Nc5 Qc7 17. Nxe6 fxe6 18. bxc4 c5 19. Bh3 Qe7 20. cxd5 Rxd5
21. Rc1 Rcd8 22. Qg4 cxd4 23. Qxe6+ Kf8 24. exd4 Rxd4 25. Qf5 Qe4 26. Qc5+ Kg8 27. Rce1 Qc2 28. Qxc2
1-0

[Event "November 1800 +"]
[Site "SchemingMind.com"]
[Date "2015.12.07"]
[Round "-"]
[White "frankly"]
[Black "flyinduck"]
[Result "1-0"]
[WhiteCountry "ENG"]
[BlackCountry "CAN"]
[WhiteElo "2473"]
[WhiteRD "55"]
[BlackElo "2016"]
[BlackRD "66"]
[GameID "391606"]

1. d4 d5 2. Nf3 Nf6 3. c4 e6 4. g3 dxc4 5. Bg2 c5 6. O-O Nc6 7. Qa4 cxd4 8. Nxd4 Qxd4 9. Bxc6+ Bd7 10. Rd1 Qxd1+
11. Qxd1 Bxc6 12. Nd2 b5 13. a4 Be7 14. axb5 Bxb5 15. Nxc4 O-O 16. b3 Rfd8 17. Qc2 Rdc8 18. Ba3 Bxa3 19. Rxa3 Rc7 20. Qb2 Bxc4
21. bxc4 Rac8 22. h3 h6 23. Kg2 Nd7 24. Qd4 Nb6 25. c5 Nd5 26. Ra5 Ne7 27. Qd6 Nf5 28. Qf4 Ne7 29. g4 Nd5 30. Qd4 Ne7
31. Qa4 Nc6 32. Ra6 Kf8 33. f4 Kg8 34. h4 Kf8 35. g5 hxg5 36. hxg5 g6 37. Qa1 Ne7 38. Qh8+ Ng8 39. Qd4 Ne7 40. Rd6 Nd5
41. e4 Nxf4+ 42. Kf3
1-0

[Event "November 1800 +"]
[Site "SchemingMind.com"]
[Date "2015.12.07"]
[Round "-"]
[White "flyinduck"]
[Black "frankly"]
[Result "0-1"]
[WhiteCountry "CAN"]
[BlackCountry "ENG"]
[WhiteElo "2016"]
[WhiteRD "66"]
[BlackElo "2473"]
[BlackRD "55"]
[GameID "391607"]

1. d4 Nf6 2. c4 e6 3. Nc3 Bb4 4. e3 O-O 5. Ne2 d5 6. a3 Bd6 7. Ng3 c6 8. Be2 dxc4 9. Bxc4 e5 10. O-O Nbd7
11. Ba2 Nb6 12. dxe5 Bxe5 13. Qc2 Qe7 14. f4 Bxc3 15. bxc3 Rd8 16. Bd2 h5 17. Rad1 Bg4 18. Rde1 h4 19. Nh1 Qe4
0-1

[Event "November 1800 +"]
[Site "SchemingMind.com"]
[Date "2015.12.09"]
[Round "-"]
[White "John Hamer"]
[Black "Reun29"]
[Result "1-0"]
[WhiteCountry "ENG"]
[BlackCountry "SUI"]
[WhiteElo "2050"]
[WhiteRD "60"]
[BlackElo "1966"]
[BlackRD "82"]
[GameID "391704"]

1. d4 d5 2. f3 Nf6 3. Nc3 e6 4. e4 dxe4 5. fxe4 Bb4 6. Bd3 Bxc3+ 7. bxc3 O-O 8. Nf3 Nbd7 9. O-O c5 10. e5 Ng4
11. Ng5 Nh6 12. Bxh7+ Kh8 13. Be4 Qe7 14. Nh7 Rg8 15. Qh5 f5 16. exf6 Qf7 17. Bg6
1-0

[Event "November 1800 +"]
[Site "SchemingMind.com"]
[Date "2015.12.09"]
[Round "-"]
[White "Reun29"]
[Black "John Hamer"]
[Result "1/2-1/2"]
[WhiteCountry "SUI"]
[BlackCountry "ENG"]
[WhiteElo "1940"]
[WhiteRD "71"]
[BlackElo "2040"]
[BlackRD "64"]
[GameID "391705"]

1. e4 c6 2. d4 d5 3. exd5 cxd5 4. c4 Nf6 5. Nc3 e6 6. Nf3 Nc6 7. c5 Be7 8. Bb5 O-O 9. O-O Ne4 10. Qc2 Ng5
11. Nxg5 Bxg5 12. Bxg5 Qxg5 13. Rad1 Bd7 14. f4 Qf6 15. Qd2 a6 16. Bxc6 bxc6 17. b4 Rfb8 18. Na4 Ra7 19. a3 Rab7 20. Nb6 Ra7
21. Rf3 Qd8 22. Qf2 Kh8= 23. Re1 Kg8 24. Re5 a5 25. Qd2 axb4 26. axb4 Qh4 27. g3 Qh6 28. Rf1 Bc8 29. Rc1 Bb7 30. Ree1 Qg6
31. Ra1 Rxa1 32. Rxa1 Qe4 33. Kf2 h5 34. Ra7 Qh1 35. Ke3 Qe4+ 36. Kf2=
1/2-1/2

[Event "November 1800 +"]
[Site "SchemingMind.com"]
[Date "2015.12.08"]
[Round "-"]
[White "Kent"]
[Black "Reun29"]
[Result "1-0"]
[WhiteCountry "USA"]
[BlackCountry "SUI"]
[WhiteElo "2235"]
[WhiteRD "73"]
[BlackElo "1940"]
[BlackRD "71"]
[GameID "391706"]

1. d4 d5 2. c4 c6 3. Nf3 Nf6 4. Nc3 e6 5. Bg5 Nbd7 6. e3 Be7 7. Bd3 O-O 8. O-O dxc4 9. Bxc4 Nd5 10. Bxe7 Qxe7
11. Rc1 Nxc3 12. Rxc3 e5 13. Qc2 exd4 14. exd4 Qd6 15. Re1 Nf6 16. Rce3 Bd7 17. Re7 Rae8 18. R7e5 Ng4 19. Bxf7+ Rxf7 20. Rxe8+ Bxe8
21. Rxe8+ Rf8 22. Qb3+ Kh8 23. Qf7
1-0

[Event "November 1800 +"]
[Site "SchemingMind.com"]
[Date "2015.12.08"]
[Round "-"]
[White "Reun29"]
[Black "Kent"]
[Result "0-1"]
[WhiteCountry "SUI"]
[BlackCountry "USA"]
[WhiteElo "1940"]
[WhiteRD "71"]
[BlackElo "2235"]
[BlackRD "73"]
[GameID "391707"]

1. e4 e6 2. d4 d5 3. Nc3 Bb4 4. e5 c5 5. a3 Bxc3+ 6. bxc3 Ne7 7. Qg4 cxd4 8. Qxg7 Rg8 9. Qxh7 Qc7 10. Ne2 Nbc6
11. f4 dxc3 12. Qd3 d4 13. Nxd4 Nxd4 14. Qxd4 Bd7 15. Rg1 Nf5 16. Qf2 Qc6 17. Bd3 Qd5 18. Be3 Nxe3 19. Qxe3 Rxg2 20. Rxg2 Qxg2
21. O-O-O Qd5 22. Kb1 Bc6 23. Be2 Qa5 24. Qc1 Bd5 25. Rd4 O-O-O 26. Bc4 Qb6+
0-1

[Event "November 1800 +"]
[Site "SchemingMind.com"]
[Date "2015.12.08"]
[Round "-"]
[White "Stephen Woodhouse"]
[Black "Reun29"]
[Result "0-1"]
[WhiteCountry "ENG"]
[BlackCountry "SUI"]
[WhiteElo "1872"]
[WhiteRD "49"]
[BlackElo "1966"]
[BlackRD "82"]
[GameID "391708"]

1. e3 d5 2. d4 Nf6 3. c4 c6 4. Nc3 e6 5. Nf3 Nbd7 6. Bd3 dxc4 7. Bxc4 b5 8. Bd3 a6 9. e4 c5 10. e5 cxd4
11. Nxb5 axb5 12. exf6 gxf6 13. O-O Qb6 14. Qe2 b4 15. Bf4 Bb7 16. Rfd1 Bc5 17. b3 Ba6 18. Bxa6 Qxa6 19. Qe4 f5 20. Qd3 Qxd3
21. Rxd3 f6 22. Re1 Kf7 23. Rd2 e5 24. Bg3 Rhe8 25. Rc1 Bf8 26. Ne1 Rac8 27. Rdc2 Nb6 28. f3 Rxc2 29. Rxc2 Rc8 30. Rxc8 Nxc8
31. Kf2 Nb6 32. Ke2 Nd5 33. Kd3 Ke6 34. Nc2 Nc3 35. a3 bxa3 36. Be1 Nd5 37. Kc4 a2 38. b4 Ne3+
0-1

[Event "November 1800 +"]
[Site "SchemingMind.com"]
[Date "2015.12.08"]
[Round "-"]
[White "Reun29"]
[Black "Stephen Woodhouse"]
[Result "1-0"]
[WhiteCountry "SUI"]
[BlackCountry "ENG"]
[WhiteElo "1966"]
[WhiteRD "82"]
[BlackElo "1872"]
[BlackRD "49"]
[GameID "391709"]

1. e4 e6 2. d4 d5 3. Nc3 Nf6 4. Bg5 dxe4 5. Nxe4 Be7 6. Bxf6 Bxf6 7. Nf3 O-O 8. c3 Nd7 9. Bd3 e5 10. Nxf6+ Qxf6
11. O-O exd4 12. Nxd4 Ne5 13. Be4 c6 14. Re1 Bg4 15. Qc2 h6 16. Re3 Bh5 17. Rae1 Bg6 18. Bxg6 Nxg6 19. Nf5 Rad8 20. Ne7+ Nxe7
21. Rxe7 Rb8 22. Qb3 b5 23. Qa3 Qg5 24. h3 f5 25. Rxa7 Rf7 26. Qb3 Rf8 27. Rxf7 Rxf7 28. g3 Qg6 29. Re6 Qh5 30. Kg2 f4
31. Re8+ Kh7 32. Qc2+ g6 33. Qb3 Qf5 34. Qe6 fxg3 35. Qxf5 Rxf5 36. Kxg3 Kg7 37. Re6 Rc5 38. Re2 Kf6 39. f4 Kf5 40. h4 Rc4
41. Re5+ Kf6 42. Kf3 b4 43. cxb4 Rxb4 44. b3 Rd4 45. a4 g5 46. hxg5+ hxg5 47. Re4 Rd3+ 48. Re3 Rd5 49. fxg5+ Rxg5 50. Rc3 Rf5+
51. Ke3 Re5+ 52. Kd4 Rd5+ 53. Kc4 Ke6 54. b4 Kd6 55. Rd3 Rxd3 56. Kxd3 Kc7 57. Kd4 Kb6 58. Kc4 Ka6 59. Kc5
1-0

[Event "November 1800 +"]
[Site "SchemingMind.com"]
[Date "2015.12.08"]
[Round "-"]
[White "frankly"]
[Black "Reun29"]
[Result "1-0"]
[WhiteCountry "ENG"]
[BlackCountry "SUI"]
[WhiteElo "2473"]
[WhiteRD "55"]
[BlackElo "1966"]
[BlackRD "82"]
[GameID "391710"]

1. d4 d5 2. Nf3 Nf6 3. c4 c6 4. Nc3 e6 5. Bg5 Nbd7 6. e3 Be7 7. Qc2 O-O 8. Rd1 Re8 9. a3 a6 10. Bd3 dxc4
11. Bxc4 b5 12. Bd3 Qb6 13. Ne5 h6 14. Bxf6 Bxf6 15. Nxd7 Bxd7 16. Ne4 Be7 17. Nc5 Rad8 18. O-O Bxc5 19. Bh7+ Kf8 20. dxc5 Qc7
21. Rd6 Bc8 22. Rfd1 Rxd6 23. cxd6 Qd7 24. Qc5 Bb7 25. b4 Rd8 26. h3 Ra8 27. f4 a5 28. bxa5 Rxa5 29. f5 Bc8 30. fxe6
1-0

[Event "November 1800 +"]
[Site "SchemingMind.com"]
[Date "2015.12.08"]
[Round "-"]
[White "Reun29"]
[Black "frankly"]
[Result "0-1"]
[WhiteCountry "SUI"]
[BlackCountry "ENG"]
[WhiteElo "1940"]
[WhiteRD "71"]
[BlackElo "2443"]
[BlackRD "54"]
[GameID "391711"]

1. e4 c5 2. c3 d5 3. exd5 Qxd5 4. d4 Nf6 5. Nf3 Bg4 6. Be2 e6 7. O-O Nc6 8. Be3 cxd4 9. cxd4 Be7 10. Nc3 Qd6
11. Qb3 O-O 12. Rfd1 Nd5 13. Nxd5 Qxd5 14. Qxd5 exd5 15. a3 Bd6 16. b4 Rfe8 17. Rac1 a5 18. b5 Ne7 19. a4 Nf5 20. Rd3 Nxe3
21. fxe3 Rac8 22. Rdc3 Rxc3 23. Rxc3 Bb4 24. Rb3 Bf5 25. Kf2 Bc2 26. Rb2 Bxa4 27. Ne5 f6 28. Nd7 Bc3 29. Ra2 Bb3 30. Ra3 a4
31. Nc5 Bb2 32. Rxb3 axb3 33. Nxb3 b6 34. Nd2 Rc8 35. g4 Rc3 36. Nf1 Kf7 37. h4 Ba3 38. Bf3 Rc2+ 39. Be2 Rb2 40. Kf3= g6
41. Ng3 Bd6 42. Nh1 Rb1 43. Nf2 Rg1 44. Bd3 Ke6 45. h5 f5 46. hxg6 fxg4+ 47. Ke2 hxg6 48. e4 g5 49. exd5+ Kxd5 50. Be4+ Kxd4
51. Bc6 Bb4
0-1

[Event "November 1800 +"]
[Site "SchemingMind.com"]
[Date "2015.12.08"]
[Round "-"]
[White "Reun29"]
[Black "flyinduck"]
[Result "1/2-1/2"]
[WhiteCountry "SUI"]
[BlackCountry "CAN"]
[WhiteElo "1966"]
[WhiteRD "82"]
[BlackElo "2016"]
[BlackRD "66"]
[GameID "391712"]

1. e4 e5 2. Nf3 Nf6 3. Nxe5 d6 4. Nf3 Nxe4 5. d4 d5 6. Bd3 Nc6 7. O-O Be7 8. c4 Nb4 9. Be2 O-O 10. Nc3 Bf5
11. a3 Nxc3 12. bxc3 Nc6 13. Re1 Re8 14. cxd5 Qxd5 15. Bf4 Rac8 16. Bd3 Bxd3 17. Qxd3 Bd6 18. c4 Qh5 19. Bg3 Bxg3 20. hxg3 Qg6=
21. Qxg6 hxg6 22. d5 Na5 23. Nd2 Kf8 24. Kf1 b6 25. Rxe8+ Rxe8 26. Re1 Rxe1+ 27. Kxe1 Ke7 28. Ke2 f5 29. Kd3 Kd6 30. Nf3 c6
31. dxc6 Nxc6 32. Nh4 Ne7 33. f4 Kc5 34. Kc3 a6 35. a4 Kd6 36. Nf3 Nc6 37. Nh4=
1/2-1/2